The history of Popery : (Record no. 32163)
[ view plain ]
| 000 -LEADER | |
|---|---|
| fixed length control field | 01681nam a22002893 4500 |
| 001 - CONTROL NUMBER | |
| control field | 32163 |
| 003 - CONTROL NUMBER IDENTIFIER | |
| rucl marc code | BD-RjUL |
| 005 - DATE AND TIME OF LATEST TRANSACTION | |
| control field | 20211209051809.0 |
| 008 - FIXED-LENGTH DATA ELEMENTS--GENERAL INFORMATION | |
| fixed length control field | 140424t1735 enk|||| s 001|||eng d |
| 035 ## - SYSTEM CONTROL NUMBER | |
| System control number | (BD-RjUL)32252 |
| 040 ## - CATALOGING SOURCE | |
| Original cataloging agency | Uk-ES |
| Transcribing agency | Uk-ES |
| Modifying agency | Cu-RivES |
| -- | CStRLIN |
| -- | Thomson Gale |
| -- | BD-RjUL |
| Language of cataloging | eng |
| 041 ## - LANGUAGE CODE | |
| Language code of text/sound track or separate title | eng |
| 082 04 - DEWEY DECIMAL CLASSIFICATION NUMBER | |
| Classification number | 259.1 |
| Author mark and year | CAH 1735 |
| 100 1# - MAIN ENTRY--PERSONAL NAME | |
| Personal name | Care, Henry, |
| Dates associated with a name | 1646-1688. |
| 9 (RLIN) | 97889 |
| 245 14 - TITLE STATEMENT | |
| Title | The history of Popery : |
| Remainder of title | with such alterations of phrase, as may be more suitable to the taste of this age; and such additions, as may improve the history, strengthen the argument, and better accommodate it to the present state of Popery in Great-Britain. By several gentlemen / |
| 260 ## - PUBLICATION, DISTRIBUTION, ETC. (IMPRINT) | |
| Place of publication, distribution, etc. | London : |
| Name of publisher, distributor, etc. | printed for J. Oswald, |
| Date of publication, distribution, etc. | 1735. |
| 300 ## - PHYSICAL DESCRIPTION | |
| Pagination | 481 p. : |
| Illustrations | ill. ; |
| Size | 24 cm. |
| 500 ## - GENERAL NOTE | |
| General note | Titlepages in red and black. |
| General note | The titlepage of vol.2 reads in addition: 'To which is added, a supplement, carrying on the history to the end of the Council of Trent. .. ' - An edited collection of papers originally published in periodical form as 'A pacquet of advice from Rome' and later 'The weekly pacquet of advice from Rome' (1678-1683) and attributed to Henry Care. |
| General note | Reproduction of original from the British Library. |
| 504 ## - BIBLIOGRAPHY, ETC. NOTE | |
| Bibliography, etc | includes index. |
| 505 01 - FORMATTED CONTENTS NOTE | |
| Formatted contents note | Vol.1-- V. 2 -- |
| 510 4# - CITATION/REFERENCES NOTE | |
| Name of source | English Short Title Catalog, |
| Location within source | ESTCT68824. |
| 650 17 - SUBJECT ADDED ENTRY--TOPICAL TERM | |
| Topical term or geographic name as entry element | Catholic Church - |
| Form subdivision | - Doctrines -- |
| Geographic subdivision | Great Britain -- Early |
| 9 (RLIN) | 97890 |
| 856 40 - ELECTRONIC LOCATION AND ACCESS | |
| Uniform Resource Identifier | <a href="http://galenet.galegroup.com/servlet/ECCO?c=1&stp=Author&ste=11&af=BN&ae=T068824&tiPG=1&dd=0&dc=flc&docNum=CW117367447&vrsn=1.0&srchtp=a&d4=0.33&n=10&SU=0LRF&locID=oxford">http://galenet.galegroup.com/servlet/ECCO?c=1&stp=Author&ste=11&af=BN&ae=T068824&tiPG=1&dd=0&dc=flc&docNum=CW117367447&vrsn=1.0&srchtp=a&d4=0.33&n=10&SU=0LRF&locID=oxford</a> |
| Public note | Full text online |
| 942 ## - ADDED ENTRY ELEMENTS (KOHA) | |
| Source of classification or shelving scheme | Dewey Decimal Classification |
| Koha item type | Books |
| Lost status | Source of classification or shelving scheme | Damaged status | Not for loan | Collection code | Permanent Location | Current Location | Shelving location | Date acquired | Source of acquisition | Total Checkouts | Full call number | Date last seen | Copy number | Koha item type |
|---|---|---|---|---|---|---|---|---|---|---|---|---|---|---|
| Dewey Decimal Classification | Not For Loan | Non-fiction | Central Library, University of Rajshahi | Central Library, University of Rajshahi | Reading Room | 26/02/1957 | Puthia razshahi estate | 259.1 CAH V-1 1735 | 24/04/2014 | C-1 | Books | |||
| Dewey Decimal Classification | Not For Loan | Non-fiction | Central Library, University of Rajshahi | Central Library, University of Rajshahi | Reading Room | 22/02/1957 | J. Oswald | 259.1 CAH V-2 1735 | 31/03/2021 | C-1 | Books |